Statistiques concernant Les mangemort dans Harry Potter

Cliquez ici pour prendre le quiz!

Statistiques générales

  • Ce quiz a été pris 165 fois
  • Le résultat moyen est 9 sur 10

Statistiques - réponses

QuestionRéponse% Correct
Qui s'est fait tuer par Molly Weasley lors de la grande bataille dans Harry Potter et les reliques de la mort?Bellatrix Lestrange
99%
Quel Serpentard s'est plaint à son père pour que Buck soit tuer dans Harry Potter et le prisonnier d'Azkaban?Drago Malefoy
99%
Qui sauve Harry dans Harry Potter et les reliques de la mort quand il est dans la forêt et que Voldemort pense l'avoir tué mais en réalité il vient de tuer un de ces Horcurxe?Narcissa Malefoy
99%
Qui est agent double entre Mangemort et Ordre du Phénix?Severus Rogue
99%
Qui sont les deux Mangemort qui font cours à Poudlard dans Harry Potter et les reliques de la mort?Alecto et amycus Carrow
96%
Qui fut dénoncer par Igor Karkaroff lors du procès que Harry découvre dans Harry Potter et la coupe de feu (cela va d'ailleurs choquer son père)?Barty Croupton jr.
96%
Quel Mangemort a mordu Bill Weasley dans Harry Potter et le prince de sang-mêlé?Fenrir Greyback
95%
Quel était les deux Mangemorts qui était dans la cafétéria dans Harry Potter et les reliques de la mort?Anthonin Dolohov et Thorfinn Rowle
91%
Qui était sensé abattre Buck dans Harry Potter et le prisonnier d'Azkaban?Walden Mcnair
87%
Qui a mis le feu à la cabane de Hagrid dans Harry Potter et le prince de sang-mêlé?Bellatrix Lestrange
80%

Distribution des résultats

Percentile par nombre de réponses

% des personnes avec chaque résultat

Votre développement - résultats

Vous n’avez pas pris ce quiz